00338nam a2200133Ia 4500008004100000020000900041040001500050041001200065082001900077100002000096245004200116260003500158300001100193230917s9999||||xx |||||||||||||| ||und|| cPOU5 e5527aMAIN aEnglish a574.1921 F441P aFiabane, Anna M 0aPrinciples of bio-inorganic chemistry aLondonbChemical Societyc1977 a114 p.